Bilecik Bilecik Bilecik Bilecik Bilecik

Su kasidesi/ (Record no. 72660)

MARC details
000 -BAŞLIK
Sabit Uzunluktaki Kontrol Alanı 01169nam a22003737a 4500
001 - KONTROL NUMARASI
Control Dosyası 0071906
003 - KONTROL NUMARASI KİMLİĞİ
Kontrol Alanı KOHA_MİRAKIL
005 - EN SON İŞLEM TARİHİ ve ZAMANI
Kontrol Alanı 20260207005032.0
007 - FİZİKSEL TANIM SABİT ALAN - GENEL BİLGİ
Sabit uzunluklu kontrol alanı ta
008 - SABİT UZUNLUKTAKİ VERİ ÖGELERİ - GENEL BİLGİ
Sabit Alan 240913b2024 tu |||gr||||#0|||1|tur |
020 ## - ISBN - ULUSLARARASI STANDART KİTAP NUMARASI
Isbn 9789758950133
040 ## - KATALOGLAMA KAYNAĞI
Özgün Kataloglama Kurumu TR-BiSEU
Kataloglama Dili tur
Çeviri Kurumu TR-BiSEU
Açıklama Kuralları rda
041 0# - DİL KODU
Metin ya da ses kaydının dil kodu tur
044 ## - YAYINLAYAN/ÜRETEN KURULUŞUN ÜLKE KODU
ISO country code tu
050 ## - SINIFLAMA ve YER NUMARASI
Sınıflama Numarası PL235.P35
Yer Numarası S8 2024
100 1# - KİŞİ ADI
Yazar Adı (Kişi adı) Pala, İskender.
245 1# - ESER ADI BİLDİRİMİ
Başlık Su kasidesi/
Sorumluluk Bildirimi İskender Pala ; İskender Pala.
250 ## - BASIM BİLDİRİMİ
Basım Bildirimi 21. basım
264 #1 - ÜRERİM, YAYIN, DAĞITIM ve TELİF BİLDİRİMİ
Yayın yeri İstanbul :
Yayınlayan Kapı Yayınları
Yayın tarihi 2024
300 ## - FİZİKSEL TANIMLAMA
Sayfa, Cilt vb. 86 sayfa; 20 cm.
336 ## - İÇERİK TÜRÜ
Content type term metin
Content type code txt
Source rdacontent
337 ## - MEDYA TÜRÜ
Media type term aracısız
Media type code n
Source rdamedia
338 ## - TAŞIYICI TÜRÜ
Carrier type term cilt
Carrier type code nc
Source rdacarrier
490 1# - DİZİ BİLDİRİMİ
Dizi Bildirimi Kapı yayınları ;
Cilt Numarası 14.
490 1# - DİZİ BİLDİRİMİ
Dizi Bildirimi İskender Pala bütün eserleri ;
Cilt Numarası 12
650 #0 - KONU BAŞLIĞI EK GİRİŞ - KONU TERİMİ
Konusal terim veya coğrafi ad Türk şiir--Kaside.
9 (RLIN) 142549
650 #0 - KONU BAŞLIĞI EK GİRİŞ - KONU TERİMİ
Konusal terim veya coğrafi ad Övgü kasideleri.
9 (RLIN) 142550
650 #0 - KONU BAŞLIĞI EK GİRİŞ - KONU TERİMİ
Konusal terim veya coğrafi ad Divan edebiyatı--Kasideler--İncelemeler.
9 (RLIN) 142551
650 #0 - KONU BAŞLIĞI EK GİRİŞ - KONU TERİMİ
Konusal terim veya coğrafi ad Turkish poetry--Qasida.Odes of praise.A love inspiration.
9 (RLIN) 142552
830 1# - SERİ EK GİRİŞİ - TEKBİÇİM ESER ADI
Tekbiçim Başlık Kapı yayınları ;
Volume number/sequential designation 14.
9 (RLIN) 12753
830 1# - SERİ EK GİRİŞİ - TEKBİÇİM ESER ADI
Tekbiçim Başlık İskender Pala bütün eserleri ;
Volume number/sequential designation 12
9 (RLIN) 45730
907 ## - LOCAL DATA ELEMENT G, LDG (RLIN)
a Şiir
942 ## - EK GİRİŞ ÖGELERİ (KOHA)
Source of classification or shelving scheme Library of Congress Classification
Koha item type Book
Holdings
Materyal Türü Kalıcı Konum Mevcut Konum Raf Yeri Sınıflandırma Kaynağı Edinim Bilgisi Ana Konular Alt Konular Yer Numarası Demirbaş Numarası Fatura Tarihi Geri Çekilme Durumu Kayıp Durumu Hasarlı Durumu Kredi için değil Kayıt Tarih Toplam Ödünçverme Son Görülme Tarihi Son Kontrol Tarihi
Book Prof. Dr. Azmi Özcan Kütüphanesi Prof. Dr. Azmi Özcan Kütüphanesi Birûni Salonu Library of Congress Classification Satın DİL VE EDEBİYAT Doğu Asya, Afrika, Okyanusya Dilleri ve Edebiyatları PL235.P35 S8 2024 0071906 02/02/2026         13/09/2024   17/03/2025 17/03/2025